[Event "Feira de Santana Baiano-ch"]
[Site "Feira de Santana"]
[Date "2019.10.11"]
[Round "2"]
[White "Rodrigues, Clayton Marques"]
[Black "Rodrigues, Jose Lucas Teixeira"]
[Result "0-1"]
[WhiteElo "1926"]
[BlackElo "1982"]
[PlyCount "84"]
[EventDate "2019.10.11"]
[EventType "swiss"]
[EventRounds "6"]
[EventCountry "BRA"]
[SourceTitle "CBM 192 Extra"]
[Source "Chessbase"]
[SourceDate "2019.11.06"]
[SourceVersion "1"]
[SourceVersionDate "2019.11.06"]
[SourceQuality "1"]

1. b3 e5 2. Bb2 Nc6 3. e3 d5 4. Bb5 Bd6 5. f4 Qe7 6. Nf3 Bg4 7. h3 Bxf3 8. Qxf3 Nf6 9. fxe5 Bxe5 10. Nc3 0-0 11. 0-0-0 a6 12. Bxc6 bxc6 13. Ne2 Bxb2+ 14. Kxb2 c5 15. g4 c6 16. h4 c4 17. h5 Ne4 18. h6 g6 19. Nc3 Qe5 20. Rhf1 f6 21. Qf4 Qe7 22. Nxe4 dxe4 23. d3 cxb3 24. axb3 f5 25. gxf5 Rxf5 26. Qxe4 Qf6+ 27. Qd4 Qxd4+ 28. exd4 Raf8 29. Rfe1 Kf7 30. Ra1 a5 31. Kc3 g5 32. Re5 Kg6 33. Raxa5 Rxe5 34. dxe5 Kxh6 35. Rc5 g4 36. e6 g3 37. e7 Re8 38. Re5 g2 39. Re1 Rxe7 40. Rg1 Rg7 41. Kd2 Kh5 42. Ke2 Kh4 0-1

[Event "Vitoria da Conquista op da AABB"]
[Site "Vitoria da Conquista"]
[Date "2016.03.05"]
[Round "4"]
[White "Santos, Izaias Almeida"]
[Black "Rodrigues, Jose Lucas Teixeira"]
[Result "0-1"]
[WhiteElo "1682"]
[BlackElo "1934"]
[PlyCount "67"]
[EventDate "2016.03.04"]
[EventType "swiss"]
[EventRounds "6"]
[EventCountry "BRA"]
[SourceTitle "EXT 2022"]
[Source "ChessBase"]
[SourceDate "2021.10.06"]
[SourceVersion "1"]
[SourceVersionDate "2021.10.06"]
[SourceQuality "1"]

1. e4 e6 2. Nf3 d5 3. exd5 Qxd5 4. d4 Nf6 5. Bd3 Be7 6. 0-0 0-0 7. Bg5 h6 8. Bh4 Nbd7 9. Re1 Qa5 10. Nbd2 c5 11. Nb3 Qc7 12. dxc5 Nxc5 13. Nxc5 Qxc5 14. Qe2 Qb4 15. c3 Qg4 16. h3 Qh5 17. g4 Qc5 18. Ne5 Nd5 19. Qe4 f5 20. gxf5 exf5 21. Qf3 Bxh4 22. Ng6 Bxf2+ 23. Qxf2 Qxf2+ 24. Kxf2 Rd8 25. Bc4 Kh7 26. Rad1 Kxg6 27. Bxd5 Kf6 28. c4 f4 29. Re4 g5 30. Kg2 Bf5 31. Re2 g4 32. Rf2 f3+ 33. Kg3 h5 34. Rdf1 0-1